000
00325nam a2200121Ia 4500
008
220216s9999 xx 000 0 und d
100
_a
Foll Jacques Le
245
0
_a
Recent developments and prospects in the field of natural rubber
260
_b
Planter
_c
1958
300
_a
470-473
650
_a
Natural rubber
942
_c
JS
999
_c
66429
_d
66429